000 01575agaaa2200325 4500
001 5096
003 IT-RoPAU
005 20220918181253.0
007 d cvaizq
008 50131s9999||||xx ||| | || ||und||
040 _aIT-RoPAU
_cIT-RoPAU
041 _aITALIANO
100 _aRohmer Eric
_gCodice regista SPICS: 1948
_949727
130 _aRAGGIO VERDE (IL)
_949728
240 _aRAYON VERT (LE)
_gT0741
245 _aRAGGIO VERDE (IL)
_cProdotto da: Menegoz Margaret -- Sceneggiatura: Rohmer Eric -- Diretto da: Rohmer Eric
_pRAGGIO VERDE (IL) (Rif. Codice opera principale : 75096)
246 _aRAYON VERT (LE)
250 _aEdizione Standard
260 _a(FRANCIA)
_bFILMS DU LOSANGE / Distribuzione: RAI TRE
_g"1986 (1° ed.: 1988 ; Ed. Lingua Orig.: 1986)"
300 _aVHS
_bsonoro, col.
_c92 minuti
508 _a"Fotografia: Maintigneux Sophie; Montaggio: Garcia Maria Luisa; Musica: Valero Jean-Louis; Sceneggiatura: Rohmer Eric; "
511 _aRiviere Marie
520 _aDELPHINE UNA GIOVANE PARIGINA VA IN VACANZA A BIARRITZ CON UN'AMICA MA SU QUESTA SPIAGGIA SI ANNOIA E SI SENTE ISOLATA TORNA QUINDI A PARIGI CON IL PRIMO TRENO MA ALLA STAZIONE INCONTRA UN GIOVANE CHE LA INVITA AD ANDARE CONLUI ALLA RICERCA DEL RAGGIO VERDE LEONE D'ORO NEL 1986
538 _aPAL, STEREO
546 _aITALIANO
650 _aCOMMEDIA
_eFILMS [VHS]
_xCodice MATERIA SPICS: 9960
_949729
700 _aRohmer Eric
_e(regista)
_gCodice regista SPICS: 1948
_949730
700 _aValero Jean-Louis
_e(musica)
_gCodice Musica SPICS: 26011
_949731
942 _cVH
_2ddc
999 _c106971
_d106971